| 000 -LEADER |
| fixed length control field |
nam a22 7a 4500 |
| 005 - DATE AND TIME OF LATEST TRANSACTION |
| control field |
20180628010045.0 |
| 008 - FIXED-LENGTH DATA ELEMENTS--GENERAL INFORMATION |
| fixed length control field |
180628b xxu||||| |||| 00| 0 eng d |
| 020 ## - IDENTIFIER FOR THE MANIFESTATION |
| Identifier for the Manifestation |
9781407106151 |
| Binding |
paperback |
| 040 ## - CATALOGING SOURCE |
| Language of Cataloging |
eng |
| Transcribing Agency |
APEC Schools Library |
| Description Conventions |
rda |
| 082 ## - DEWEY DECIMAL CLASSIFICATION NUMBER |
| Classification number |
C 580 |
| Author's Number |
Ar641v 2008 |
| 100 ## - CREATOR |
| Preferred Name of the Person |
Arnold, Nick |
| 245 ## - TITLE AND STATEMENT OF RESPONSIBILITY |
| Preferred Title Proper |
Vivious veg / |
| Statement of Responsibility/Parallel Statement of Responsibility |
Nick Arnold |
| 264 ## - PUBLICATION STATEMENT |
| Place of publication, distribution, etc |
London, UK : |
| Publisher's Name/Parallel Publisher's Name |
Scholastic Children's Books, |
| Copyright |
©2008. |
| Date of Publication |
[2008]. |
| 300 ## - PHYSICAL DESCRIPTION |
| Extent |
175 pages : |
| Illustrative Content |
illustrations ; |
| Dimensions |
20 cm |
| 336 ## - RDA CONTENT |
| Source |
rdacontent |
| Content Type |
text |
| 337 ## - RDA MEDIA |
| Source |
rdamedia |
| Media Type |
unmediated |
| 338 ## - RDA CARRIER |
| Source |
rdacarrier |
| Carrier Type |
volume |
| 490 ## - SERIES STATEMENT |
| Title Proper of Series |
Horrible science |
| 504 ## - BIBLIOGRAPHY, ETC. NOTE |
| Bibliography, etc |
Includes index |
| 505 ## - CONTENTS |
| Related Work = Contents |
Introduction 5 -- The Vicious Vegetable World 8 -- Gobsmacking Greenery 25 -- Greedy Greenery 33 -- Revolting Roots 46 -- Vicious Bug-Eating Veg 69 -- Vicious Battling Veg 69 -- Foul Fungi 90 -- Friendish Flowers 104 -- Sprouting Seeds and Rotting Fruits 119 -- Vital Veg 138 -- A Blooming Miracle 156 -- Vicious Veg Quiz 161 -- Horrible Index 172 |
| 520 ## - SUMMARIZATION OF THE CONTENT |
| Summarization of the Content |
This work features science with the squishy bits left in! How do plants suck out the insides of dead insects? Why do stinging nettles like skeletons? Which fungi can make your toes drop off? Get the awful answers in "Vicious Veg"! |
| 942 ## - ADDED ENTRY ELEMENTS (KOHA) |
| Source of Classification |
|
| Koha Item Type |
Books |